Hungry Shark Evolution: Locations - Statistics

General Stats
  • This quiz has been taken 12 times
  • The average score is 3 of 8
Answer Stats
Hint Answer % Correct
Where you find the Giant Crab Boss Crab Lair
75%
Just fly Up Space
50%
Just go West Western Sea
38%
Where you find Anglers Angler Nest
25%
Where you find the Kempty Bass Kempty Cave
25%
A Place from King Kong Skull Island
25%
A Huge Tinnel under the Map Death Tunnel
13%
Volcanos Volcanic Jets
13%
No matching quizzes found
Score Distribution
Percent of People with Each Score
Percentile by Number Answered
Your Score History
You have not taken this quiz